01271 a2200205 4500003000500000005001700005020001500022040000900037082001700046100002100063245013900084260003200223300000900255505058600264600002100850650003700871942001200908999001900920952012600939Nust20221229190034.0 a8177223291 cNust a621.3981,MCD aDave Paw9106450 aCommunications Networking ATM&MPLS &theory and application foundations of multi-service networkingb the ultimate refrence /cDave Paw aNew DelhibDream techc2003 a937p aPart 1: Overview Introduction Background Motivation and Standards (Page-3), Part 2:Networking and Protocol Fundamentals (Page-39) Part 3: Foundations of ATM and MPLS: Protocols and Structure (Page-253) Part 4: ATM and MPLS Support for Networking Applications (Page-443) Part 5: Quality of Service Traffic Management and Congestions Control (Page-565) Part 6: Communications Engineering and Design Consideration (Page-675) Part 7: Operations and Networks Management for ATM and MPLS (Page-459), Part 8: Design Consideration and Future Direction Involving ATM and MPLS (Page-825).  aDave Paw9106450 aCommunication Netwroking9106451 2ddccBK c183963d183963 00102ddc4070aMCSbMCScGENd2016-12-12o621.3981,MCDpMCS30638r2016-12-08w2016-12-12yBKzAlmirah No.40, Shelf No.6